000 01223cam a22003378a 4500
005 20260322212017.0
008 data
010 _a 2006000491
020 _a1581807287 (pbk. : alk. paper)
020 _a9781581807288 (pbk. : alk. paper)
040 _aDLC
_cDLC
_dDLC
042 _apcc
050 0 0 _aNC780
_b.L49 2006
082 0 0 _a743.6
_222
092 _a743.6 L49 2006
100 1 _aLindstrand, Doug.
245 1 4 _aThe artist's guide to drawing realistic animals /
_cDoug Lindstrand.
250 _a1st ed.
260 _aCincinnati, Ohio :
_bNorth Light Books,
_c2006.
263 _a1111
300 _ap. cm.
500 _aIncludes index.
650 0 _aAnimals in art.
650 0 _aDrawing
_xTechnique.
856 4 1 _3Table of contents only
_uhttp://www.loc.gov/catdir/toc/ecip066/2006000491.html
906 _a0
_bvip
_corignew
_d1
_eecip
_f20
_gy-gencatlg
925 0 _aacquire
_b2 shelf copies
_xpolicy default
963 _aKelly Messerly; phone: 513-531-2690; email: [email protected]; bc: [email protected]
001 data
999 _c367
_d367